[Event "AUTO-INT-2105"]
[Site "http://www.queenalice.com/game.php?id=968824"]
[Date "2011.8.4"]
[Round "1"]
[White "Prestow"]
[Black "fafaking"]
[Result "0-1"]
[WhiteElo "1753"]
[BlackElo "1699"]

1. d4 f5 2. c4 Nf6 3. g3 g6 4. Bg2 Bg7 5. Qc2 O-O 6. e4 d6 7. Ne2 e5 8. Bg5 fxe4
9. Bxf6 Qxf6 10. O-O c6 11. d5 cxd5 12. cxd5 b6 13. Qxe4 Bf5 14. Qb4 Na6 15. Qa3
e4 16. Qxa6 Qxb2 17. Nbc3 Bxc3 18. Rab1 Qd2 19. Rfd1 Qh6 20. Nxc3 e3 21. Rb2
exf2+ 22. Rxf2 Bc8 23. Rxf8+ Qxf8 24. Qa3 Bg4 25. Nb5 Bxd1 26. Nxa7 Qf7 27. Qc1
Rxa7 28. Qxd1 Rxa2 29. Qb3 Qf2+ 0-1

[Event "AUTO-INT-2105"]
[Site "http://www.queenalice.com/game.php?id=968825"]
[Date "2011.8.4"]
[Round "1"]
[White "fafaking"]
[Black "Prestow"]
[Result "1-0"]
[WhiteElo "1721"]
[BlackElo "1754"]

1. d4 e5 2. d5 Nf6 3. Nc3 Bb4 4. Qd3 b6 5. a3 Bxc3+ 6. Qxc3 Qe7 7. Bg5 Bb7 8. e4
h6 9. Bxf6 Qxf6 10. Nf3 d6 11. Qxc7 Qe7 12. Bb5+ Kf8 13. Qxe7+ Kxe7 14. Nh4 g6
15. O-O Ba6 16. Bxa6 Nxa6 17. b4 Rac8 18. Rac1 Rc3 19. f4 Rxa3 20. c3 Rc8 21.
Rf3 exf4 22. g3 Kf8 23. Rxf4 g5 24. Ng6+ Kg7 25. Ne7 Rcxc3 26. Rff1 Rxc1 27.
Rxc1 Nxb4 28. Nf5+ Kg6 29. Nxd6 Nd3 30. Rc6 Ra1+ 31. Kg2 Ra2+ 32. Kf1 Rf2+ 33.
Kg1 f6 34. e5 fxe5 35. Ne4+ Kf7 36. Nxf2 Ke7 37. Nxd3 1-0

[Event "AUTO-INT-2105"]
[Site "http://www.queenalice.com/game.php?id=968826"]
[Date "2011.8.4"]
[Round "1"]
[White "Prestow"]
[Black "ams07"]
[Result "1-0"]
[WhiteElo "1736"]
[BlackElo "1388"]

1. d4 d5 2. c4 dxc4 3. e4 e6 4. Bxc4 Nf6 5. e5 Ne4 6. Nc3 Bb4 7. Ne2 Qf6 8. f3
Nxc3 9. Nxc3 Qe7 10. a3 Bxc3+ 11. bxc3 Nd7 12. f4 g6 13. Qf3 Nb6 14. Bb3 O-O 15.
c4 Qd7 16. d5 exd5 17. cxd5 Qb5 18. a4 Qb4+ 19. Bd2 Qd4 20. Rc1 Bf5 21. Rxc7
Rab8 22. a5 Na4 23. Bxa4 Qxa4 24. d6 b5 25. Rxa7 b4 26. O-O b3 27. Bc3 Be4 28.
Qf2 Qc4 29. Rc7 Qb5 30. Qd4 Ba8 31. e6 f6 32. e7 Rf7 33. d7 1-0

[Event "AUTO-INT-2105"]
[Site "http://www.queenalice.com/game.php?id=968827"]
[Date "2011.8.4"]
[Round "1"]
[White "ams07"]
[Black "Prestow"]
[Result "0-1"]
[WhiteElo "1383"]
[BlackElo "1738"]

1. e4 c5 2. d3 Nc6 3. Nf3 e5 4. Nc3 Nf6 5. g3 d5 6. exd5 Nxd5 7. Ne4 Bg4 8. Bg2
Bd6 9. O-O f5 10. Neg5 h6 11. Nh3 Qf6 12. c4 Ndb4 13. Bd2 Nd4 14. Qa4+ Nbc6 15.
Nxd4 exd4 16. Bxc6+ bxc6 17. Qxc6+ Kf7 18. Qd7+ Be7 19. Nf4 Rhd8 20. Qc7 Kg8 21.
Rfe1 Bd6 22. Qa5 Bf3 23. Re6 Qf7 24. b3 Bxf4 25. Ree1 Bg5 26. Bxg5 Qh5 27. Bh4
Qg4 28. Re3 dxe3 29. fxe3 g5 0-1

[Event "AUTO-INT-2105"]
[Site "http://www.queenalice.com/game.php?id=968828"]
[Date "2011.8.4"]
[Round "1"]
[White "Prestow"]
[Black "stephane8cr"]
[Result "1-0"]
[WhiteElo "1741"]
[BlackElo "1448"]

1. d4 Nf6 2. c4 g6 3. Nc3 d6 4. e4 Bg7 5. Nf3 c5 6. d5 O-O 7. Bd3 Bg4 8. Qb3
Bxf3 9. gxf3 b6 10. Be3 Nbd7 11. O-O-O a6 12. f4 Ng4 13. Rhg1 Nxe3 14. fxe3 b5
15. Rg2 bxc4 16. Qxc4 Nb6 17. Qb3 Qc7 18. Qc2 Rfb8 19. Rdg1 c4 20. Be2 Rb7 21.
f5 Rab8 22. fxg6 fxg6 23. Bh5 a5 24. Nb5 1-0

[Event "AUTO-INT-2105"]
[Site "http://www.queenalice.com/game.php?id=968829"]
[Date "2011.8.4"]
[Round "1"]
[White "stephane8cr"]
[Black "Prestow"]
[Result "0-1"]
[WhiteElo "1618"]
[BlackElo "1742"]

1. e4 c5 2. Na3 e5 3. Nf3 Nc6 4. Bb5 Nf6 5. O-O Nxe4 6. Re1 Nf6 7. Bxc6 bxc6 8.
Nxe5 Be7 9. Qf3 Bb7 10. d3 O-O 11. Qg3 Nh5 12. Qh3 Nf6 13. Bg5 d6 14. Nf3 Nd5
15. c4 Bxg5 16. Nxg5 Qxg5 17. cxd5 cxd5 18. Qd7 Rab8 19. Qxd6 d4 20. f3 Bxf3 0-1

[Event "AUTO-INT-2108"]
[Site "http://www.queenalice.com/game.php?id=969788"]
[Date "2011.8.7"]
[Round "1"]
[White "Prestow"]
[Black "casacudoman"]
[Result "1-0"]
[WhiteElo "1721"]
[BlackElo "1693"]

1. d4 d5 2. c4 Nf6 3. cxd5 Qxd5 4. Nc3 Qa5 5. Bd2 Qf5 6. g3 Ng4 7. f3 Nf6 8. Bh3
Qg6 9. Bxc8 a5 10. Nb5 Nd5 11. Bxb7 Qb6 12. Bxa8 Qxb5 13. a4 Qd7 14. Bxa5 e6 15.
Rc1 Ne3 16. Qb3 Qxd4 17. Qxb8+ Ke7 18. Qxc7+ Kf6 19. Bc3 Ng2+ 20. Kf1 Ne3+ 21.
Kf2 Ng4+ 22. Kg2 Ne3+ 23. Kh3 Qxc3 24. Rxc3 Nd1 25. Qf4+ Ke7 26. Rc7+ Kd8 27.
Qxf7 Nf2+ 28. Kg2 Bc5 29. Qd7# 1-0

[Event "AUTO-INT-2108"]
[Site "http://www.queenalice.com/game.php?id=969790"]
[Date "2011.8.7"]
[Round "1"]
[White "Prestow"]
[Black "jinkosya"]
[Result "1-0"]
[WhiteElo "1737"]
[BlackElo "1447"]

1. d4 Nc6 2. d5 Nb4 3. e4 d6 4. Qe2 Nf6 5. Qb5+ Bd7 6. Qxb4 b6 7. Nf3 e5 8. Nc3
a5 9. Qc4 Rb8 10. Bg5 Be7 11. O-O-O b5 12. Qe2 b4 13. Nb1 a4 14. h3 h6 15. Bh4
c5 16. dxc6 Bxc6 17. Nxe5 Bb7 18. Qb5+ Kf8 19. Bxf6 Bxe4 20. Nd7+ Kg8 21. Bxe7
Qc7 22. Bc4 Rxb5 23. Rd4 Rf5 24. Rxe4 Qxd7 25. Bh4 d5 26. Rd4 Qc7 27. Bd3 Re5
28. Bg3 f6 29. Bxe5 fxe5 30. Rxd5 b3 31. Re1 Kf7 32. axb3 axb3 33. Rexe5 Rc8 34.
c3 Kf6 35. Rf5+ Ke6 36. Rc5 Qh2 37. Bc4+ Kd7 38. Rcd5+ Kc6 39. Bxb3 Qg1+ 40. Bd1
g6 41. Rc5+ Kd7 42. Rfd5+ Ke6 43. Nd2 Qxf2 44. Bg4+ Ke7 45. Rxc8 Qe1+ 46. Kc2
Kf7 47. Rc7+ Kf6 48. Rc6+ Kf7 49. Rd7+ Qe7 50. Rxe7+ Kxe7 51. Rxg6 Kf7 52. Rxh6
1-0

[Event "AUTO-INT-2108"]
[Site "http://www.queenalice.com/game.php?id=969791"]
[Date "2011.8.7"]
[Round "1"]
[White "jinkosya"]
[Black "Prestow"]
[Result "0-1"]
[WhiteElo "1269"]
[BlackElo "1740"]

1. Nc3 e5 2. e4 Nc6 3. d3 Nf6 4. Bg5 Be7 5. Nf3 Nd4 6. Nxd4 exd4 7. Na4 b5 8.
Nc5 Bxc5 9. Be2 Bb4+ 10. c3 dxc3 11. b3 c2+ 12. Qd2 Bxd2+ 13. Kxd2 Nxe4+ 14.
Kxc2 Nxg5 15. Rhe1 O-O 16. Bf3 Nxf3 17. gxf3 Qh4 18. f4 Qxf2+ 19. Kc3 Qxh2 20.
Re4 a5 21. Rae1 Ba6 22. Re7 b4+ 23. Kd4 Qxf4+ 24. R1e4 Qd6+ 25. Ke3 Qxd3+ 26.
Kf4 Bb7 27. Re3 Qf1+ 28. Rf3 Qxf3+ 0-1

[Event "AUTO-INT-2074"]
[Site "http://www.queenalice.com/game.php?id=988687"]
[Date "2011.9.23"]
[Round "2"]
[White "xyzzyx"]
[Black "Prestow"]
[Result "0-1"]
[WhiteElo "1722"]
[BlackElo "1745"]

1. c4 e5 2. Nc3 Nf6 3. g3 g6 4. Bg2 Bg7 5. e3 O-O 6. Nge2 c6 7. O-O a5 8. b3 Re8
9. Bb2 d6 10. d4 Na6 0-1

[Event "AUTO-INT-2074"]
[Site "http://www.queenalice.com/game.php?id=988688"]
[Date "2011.9.23"]
[Round "2"]
[White "Prestow"]
[Black "xyzzyx"]
[Result "1-0"]
[WhiteElo "1760"]
[BlackElo "1707"]

1. Nc3 d5 2. d4 Nf6 3. g3 e6 4. Bg2 b6 5. Bg5 Be7 6. Bf4 Nh5 7. e4 Nxf4 8. gxf4
Bb7 9. Qg4 O-O 10. O-O-O c5 11. Nge2 1-0